Monarchien in Afrika (im 20. Jahrhundert) - Statistiken

Allgemein
  • Dieses Quiz wurde 8 mal gespielt
  • Das Durchschnittsergebnis liegt bei 4 aus 8
Antwortstatistiken
Dauer Land % Korrekt
980 v. Chr.-1974 Abessinien
86%
1922-1953 Ägypten
86%
1951-1969 Libyen
57%
15. Jh.-1967 Ankole
43%
1956-1964 Sansibar
43%
1976-1979 Zentralfrika
43%
1680-1966 Burundi
29%
1350-1962 Ruanda
29%
Keine übereinstimmenden Quizze gefunden
Verteilung der Resultate
Anzahl Personen mit jedem Resultat
Perzentil nach korrekt beantworteten Fragen
Ihre Resultats-Entwicklung
Sie haben dieses Quiz noch nicht gespielt